Sports Quiz

Random Sports or NHL Quiz

Stanley Cup Winners Quiz Stats

 Plays Quiz not verified by Sporcle

Also try: MLB #1 Draft Picks
Challenge
Share
Tweet
Embed
Score 0/19 Timer 04:00
0 Plays Today
# of Wins Team % Correct
22Montreal Canadiens
97.4%
11Detroit Red Wings
97.1%
11Toronto Maple Leafs
96.3%
5Boston Bruins
95.7%
4New York Rangers
95.6%
4Chicago Blackhawks
94.7%
3Pittsburgh Penguins
93.1%
5Edmonton Oilers
93%
4New York Islanders
91.5%
2Philadelphia Flyers
87.5%
# of Wins Team % Correct
3New Jersey Devils
87%
1Dallas Stars
87%
2Colorado Avalanche
85.8%
1Anaheim Ducks
84.9%
1Tampa Bay Lightning
84.8%
1Carolina Hurricanes
82.2%
1Calgary Flames
81.6%
1Ottawa Senators
67%
1Montreal Maroons
32.4%

You're not logged in!

Compare scores with friends on all Sporcle quizzes.
Join for Free
OR
Log In

You Might Also Like...

Show Comments

Extras

Top Quizzes Today


Score Distribution

Your Account Isn't Verified!

In order to create a playlist on Sporcle, you need to verify the email address you used during registration. Go to your Sporcle Settings to finish the process.

Report this User

Report this user for behavior that violates our Community Guidelines.

Details: